000 00703nam a2200229 a 4500
001 BRCA_5356
005 20190320205038.0
008 081210s1928----enka######---#000-0#eng-#
041 _aeng
044 _aenk
050 4 _aN5208.5
_b.C47 1928
245 1 0 _aChristie´s
_bseason 1928.
260 _aLondres
_bConstable & Company
_c1928
300 _a371 p.
_bil.
_c26 cm.
500 _aIncluye apéndice de precios notables de muebles y tapicería
500 _aoctubre 1927-julio 1928
500 _aDonación Dr. Héctor Rivero Borrell Vázquez
650 1 4 _aArte
_xColeccionistas y colecciones
_97445
650 1 4 _aSubastas
_xColeccionistas y colecciones
_910730
902 _aDHR
942 _2lcc
_cB
999 _c5050
_d5050